000 00641nam a2200229 a 4500
005 20210219152825.0
008 991125n 000 0 eng u
035 _aUPN01000062405
100 1 _aLiberman, Kenneth
222 _aHARVARD EDUCATIONAL REVIEW
245 _aAboriginal education : the school at strelley, western Australia
260 _aMassachusetts, EUA
300 _a139-144
362 0 _a1989 Vol. 59, no. 1, feb.
653 0 _aACULTURIZACION
653 0 _aAUSTRALIA
653 0 _aDISCRIMINACION RACIAL
653 0 _aEDUCACION BILINGÜE
653 0 _aGRUPOS ETNICOS
904 _aAC
_b000216
905 _aArticulo
999 _c61703
_d61703